Southville International School and Colleges
Your cart is empty.
  • Cart
  • Lists
    Public lists Eva Luna New books Lux_list list_1
    Your lists Log in to create your own lists
  • Log in to your account
  • Your cookies
  • Search history
Southville International School and Colleges
  • Advanced search
  • Recent comments
  • Most popular
  • Libraries

Log in to your account

Log in with GOOGLE


If you do not have an external account, but do have a local account, you can still log in:

  1. Home
  2. MARC view: Ruth.
Normal view MARC view ISBD view

Ruth. (Record no. 112066)

[ view plain ]
MARC details
000 -LEADER
fixed length control field 00466nam a2200181 a 4500
001 - CONTROL NUMBER
control field 0011
005 - DATE AND TIME OF LATEST TRANSACTION
control field 20140414131927.0
008 - FIXED-LENGTH DATA ELEMENTS--GENERAL INFORMATION
fixed length control field 040726s19uu xx 00 eng d
020 ## - INTERNATIONAL STANDARD BOOK NUMBER
International Standard Book Number 962-293-469-2
050 ## - LIBRARY OF CONGRESS CALL NUMBER
Classification number ER
Item number R93 1995
245 ## - TITLE STATEMENT
Title Ruth.
260 ## - PUBLICATION, DISTRIBUTION, ETC. (IMPRINT)
Place of publication, distribution, etc Hong Kong :
Name of publisher, distributor, etc Hong Kong Bible Society,
Date of publication, distribution, etc 1995.
300 ## - PHYSICAL DESCRIPTION
Extent 1 v. : ill. ; cm
440 ## - SERIES STATEMENT/ADDED ENTRY--TITLE
Title Words of wisdom series
650 ## - SUBJECT ADDED ENTRY--TOPICAL TERM
Topical term or geographic name as entry element Bible stories
General subdivision O.T.
650 ## - SUBJECT ADDED ENTRY--TOPICAL TERM
Topical term or geographic name as entry element Bible character
General subdivision O.T.
Holdings
Withdrawn status Lost status Damaged status Use restrictions Home library Current library Shelving location Date acquired Source of acquisition Total Checkouts Full call number Barcode Date last seen Price effective from Koha item type
        Munich Library Munich Library Easy Reading Section 07/26/2004     ER R93 1995 M3079 04/14/2014 04/14/2014 Books

Ruth.

APA

(1995). Ruth. Hong Kong: Hong Kong Bible Society.

Chicago

1995. Ruth. Hong Kong: Hong Kong Bible Society.

Harvard

(1995). Ruth. Hong Kong: Hong Kong Bible Society.

MLA

Ruth. Hong Kong: Hong Kong Bible Society. 1995.

  • Place hold
  • Print
  • Cite
  • Add to your cart (remove)
  • Save record
    BIBTEX Dublin Core MARCXML MARC (non-Unicode/MARC-8) MARC (Unicode/UTF-8) MARC (Unicode/UTF-8, Standard) MODS (XML) RIS
  • More searches
    Search for this title in:
    Other Libraries (WorldCat) Other Databases (Google Scholar) Online Stores (Bookfinder.com) Open Library (openlibrary.org)

Exporting to Dublin Core...

SOUTHVILLE LIBRARY

Southville International School and Colleges Library

1281 Tropical Ave. Cor. Luxembourg St., BF Homes International, Las Pinas City

Tel. No. 8256374 / 252358 Loc. 117/146

Powered by Koha